000 00437nam a2200169Ia 4500
008 230524s9999 xx 000 0 und d
020 _a9788123915067
082 _a624.15
_bMUR
100 _aV.N.S. Murthy
245 0 _aAdvanced Foundation Engineering (Geotechnical Engineering Series)
250 _a1
260 _aNew Delhi
_bCBS
_c2014
300 _a"xx,793p;"
500 _aQuantity Number: 2
650 _aCivil
942 _cBK
999 _c55303
_d55303